000 00813nam1a22002531 4500
001 rc\2372000
005 20110829160409.2
035 _a(NLR Aleph) 006601124
090 _a7248979
_c7248979
100 _a20110829d1976 |||y0rusy50 ca
101 0 _arus
102 _aRU
105 _a z |||||
200 1 _aТеоретические основы гидроакустики
_e(Учеб. пособие)
_e[В 2-х ч.]
_eЧ. 1-
_fКасп. высш. воен.-морское училище им. С.М. Кирова
210 _aБаку
_cБ. и.
_d1976
215 _d23
700 1 _aЗатуливетров
_bБ. Г.
801 0 _aRU
_bNLR
_gpsbo
801 1 _aRU
_bELAR
_2rusmarc
852 _aNLR
_j76-6/6567
899 _aRuMoRGB
_jБ 76-40/21
899 _aRuMoRGB
_jБ 76-40/23
942 _cBOOK
980 _aNB